narodowość piłkarzy - Statystyki

Ogólne statystyki
  • Ten quiz został rozwiązany 647 razy
  • Średni wynik to 13 z 15
Statystyki odpowiedzi
nazwiska państwa % Poprawnych
messi argentyna
100%
ronaldo portugalia
100%
buffon włochy
98%
modrić chorwacja
97%
Müller niemcy
97%
hazard belgia
96%
kaka brazylia
93%
Deyna polska
91%
hulk brazylia
90%
Verratti włochy
90%
Sané niemcy
85%
aubameyang gabon
82%
Vrsaljko chorwacja
73%
Vida chorwacja
69%
iwobi nigeria
62%
Nie znaleziono quizów pasujących do podanych kryteriów
Rozkład punktacji
Procent ludzi z każdym wynikiem
Percentyl według liczby udzielonych odpowiedzi
Twoja historia wyników
Nie rozwiązałeś tego quizu